<?xml version="1.0" encoding="UTF-8"?><?xml-stylesheet type="text/xsl" href="static/style.xsl"?><OAI-PMH xmlns="http://www.openarchives.org/OAI/2.0/" xmlns:xsi="http://www.w3.org/2001/XMLSchema-instance" xsi:schemaLocation="http://www.openarchives.org/OAI/2.0/ http://www.openarchives.org/OAI/2.0/OAI-PMH.xsd"><responseDate>2026-04-17T14:23:42Z</responseDate><request verb="GetRecord" identifier="oai:www.recercat.cat:2117/328369" metadataPrefix="marc">https://recercat.cat/oai/request</request><GetRecord><record><header><identifier>oai:recercat.cat:2117/328369</identifier><datestamp>2025-07-23T04:02:04Z</datestamp><setSpec>com_2072_1033</setSpec><setSpec>col_2072_452951</setSpec></header><metadata><record xmlns="http://www.loc.gov/MARC21/slim" xmlns:dcterms="http://purl.org/dc/terms/" xmlns:xsi="http://www.w3.org/2001/XMLSchema-instance" xmlns:doc="http://www.lyncode.com/xoai" xsi:schemaLocation="http://www.loc.gov/MARC21/slim http://www.loc.gov/standards/marcxml/schema/MARC21slim.xsd">
   <leader>00925njm 22002777a 4500</leader>
   <datafield ind2=" " ind1=" " tag="042">
      <subfield code="a">dc</subfield>
   </datafield>
   <datafield ind2=" " ind1=" " tag="720">
      <subfield code="a">Forcadell García, Nuria</subfield>
      <subfield code="e">author</subfield>
   </datafield>
   <datafield ind2=" " ind1=" " tag="720">
      <subfield code="a">Casajust Fibla, Marta</subfield>
      <subfield code="e">author</subfield>
   </datafield>
   <datafield ind2=" " ind1=" " tag="260">
      <subfield code="c">2007</subfield>
   </datafield>
   <datafield ind2=" " ind1=" " tag="520">
      <subfield code="a">Se puede hacer una lectura de la ciudad de Barcelona como una ciudad horizontal, construida según las reglas geométricas del plan CERDÀ, pero también como una ciudad vertical con signos de arquitectura como la Sagrada Familia, las torres de la Villa Olímpica y sobre todo los barrios que trepan por la montaña, con la torre de telecomunicaciones o el Tibidabo.&#xd;
&#xd;
Esta forma de percibir la ciudad de Barcelona nos ha llevado a imaginar un edificio cuya base se inserta en la ciudad horizontal y cuyo cuerpo y remate se inscriben en la ciudad vertical. Esta morfología organiza un juego de volúmenes, con un edificio « cubo » en la parte trasera de la torre que actúa como un contrapeso y la torre misma, un paralelepípedo rectangular dividido longitudinalmente en dos partes, una de las cuáles se decala hacia el cielo. Esta ruptura de un « bloque geométrico perfecto » crea un movimiento de forma y de volumen que da un sentido urbano a la inserción de la Torre en la ciudad horizontal: -un voladizo a 25 metros de altura que constituye un espacio de entrada para la Torre. - un volumen emergente que deja su impronta en la silueta de la ciudad vertical.</subfield>
   </datafield>
   <datafield tag="653" ind2=" " ind1=" ">
      <subfield code="a">Àrees temàtiques de la UPC::Edificació::Tècniques i sistemes constructius</subfield>
   </datafield>
   <datafield tag="653" ind2=" " ind1=" ">
      <subfield code="a">Hotels -- Buildings</subfield>
   </datafield>
   <datafield tag="653" ind2=" " ind1=" ">
      <subfield code="a">Hotels -- Construcció</subfield>
   </datafield>
   <datafield tag="653" ind2=" " ind1=" ">
      <subfield code="a">Hotels -- Edificis</subfield>
   </datafield>
   <datafield ind2="0" ind1="0" tag="245">
      <subfield code="a">Análisis constructivo y seguimiento de procesos del edificio Hotel Habitat Sky</subfield>
   </datafield>
</record></metadata></record></GetRecord></OAI-PMH>